00519cam a22001211 4500082001300000100002500013245017700038260005500215300003500270526003700305650004700342650000800389 a810bSAH1 aPickering, Ernest D.12aA brief survey of English literature from its beginnings to the present day,bwith chapters on the Irish literary movement and American literature,cby Ernest Pickering ... aLondon [etc.]bG. G. Harrap & company ltd.c[1964] a254 p.bfront. (port.)c19 cm. a0b0c0d810_000000000000000_SAH 0aEnglish literaturexHistory and criticism. 0aMCE